<?xml version="1.0" encoding="UTF-8"?>
<marc:record xmlns:marc="http://www.loc.gov/MARC21/slim">
   <marc:leader>00000nam a2200000 a 4500</marc:leader>
   <marc:datafield ind1="1" ind2=" " tag="100">
      <marc:subfield code="a">Peters, Christoph</marc:subfield>
      <marc:subfield code="4">aut</marc:subfield>
      <marc:subfield code="e">Verfasser/-in</marc:subfield>
   </marc:datafield>
   <marc:datafield ind1="0" ind2="0" tag="245">
      <marc:subfield code="a">Das Jahr der Katze</marc:subfield>
   </marc:datafield>
   <marc:datafield ind1="0" ind2="0" tag="245">
      <marc:subfield code="b">Roman</marc:subfield>
   </marc:datafield>
   <marc:datafield ind1="0" ind2="0" tag="245">
      <marc:subfield code="c">Christoph Peters</marc:subfield>
   </marc:datafield>
   <marc:datafield ind1=" " ind2="1" tag="264">
      <marc:subfield code="a">München</marc:subfield>
      <marc:subfield code="b">Luchterhand</marc:subfield>
      <marc:subfield code="c">2018</marc:subfield>
   </marc:datafield>
   <marc:datafield ind1=" " ind2=" " tag="250">
      <marc:subfield code="a">1. Auflage</marc:subfield>
   </marc:datafield>
   <marc:datafield ind1="1" ind2=" " tag="520">
      <marc:subfield code="a">Angaben aus der Verlagsmeldung

Das Jahr der Katze : Roman / von Christoph Peters

Eigentlich hätte Fumio Onishi nur für die japanische Mafia herausfinden sollen, wer seinen Freund Yuki in Berlin ermordete. Doch dann hat er sich zu einem exzessiven Rachefeldzug gegen vietnamesische Clans, die hinter Yukis Tod stehen, verleiten lassen und sich anschließend mit seiner deutschen Freundin Nikola nach Tokio abgesetzt. Hier fordert der Yakuza-„Pate“ Oyabun Takeda Rechenschaft, denn Fumios eigenmächtiges Handeln hat der Yakuza schwerwiegende Probleme eingebracht. In dieser Lage sucht Fumio Hilfe bei seinem alten Lehrer Meister Harada, doch Harada schwebt selbst in höchster Gefahr...

Hat Christoph Peters in seinen Romanen "Mitsukos Restaurant" und "Herr Yamashiro bevorzugt Kartoffeln" die helle, ebenso faszinierende wie manchmal skurrile Seite der Kultur Japans beleuchtet, taucht er nach "Der Arm des Kraken" auch in seinem zweiten Roman um Fumio Onishi ein in die Abgründe des Reichs der aufgehenden Sonne - in einen zutiefst widersprüchlichen Kosmos voll rätselhafter Traditionen zwischen höchster Eleganz und blinder Grausamkeit, in eine Unterwelt voll irritierender Werte und atavistischer Rituale.

</marc:subfield>
   </marc:datafield>
   <marc:datafield ind1=" " ind2=" " tag="020">
      <marc:subfield code="a">9783630874760</marc:subfield>
      <marc:subfield code="9">9783630874760</marc:subfield>
   </marc:datafield>
   <marc:datafield ind1=" " ind2=" " tag="020">
      <marc:subfield code="a">3630874762</marc:subfield>
      <marc:subfield code="9">3630874762</marc:subfield>
   </marc:datafield>
   <marc:datafield ind1=" " ind2=" " tag="041">
      <marc:subfield code="a">ger</marc:subfield>
   </marc:datafield>
   <marc:datafield ind1=" " ind2=" " tag="300">
      <marc:subfield code="a">350 Seiten</marc:subfield>
   </marc:datafield>
</marc:record>
